Tribhuvan University Central Library

Project report on preparation of this film electrodes for electrochemical experiments (Record no. 13974)

MARC details
000 -LEADER
fixed length control field 006530000a22002650004500
015 ## - NATIONAL BIBLIOGRAPHY NUMBER
National bibliography number NB
082 ## - DEWEY DECIMAL CLASSIFICATION NUMBER
Classification number 771.5324
Item number M331p
-- CS
041 ## - LANGUAGE CODE
Language code of text/sound track or separate title Eng
100 ## - MAIN ENTRY--PERSONAL NAME
Personal name Manandhar, Krishna
100 ## - MAIN ENTRY--PERSONAL NAME
Personal name Pradhananga, Raja Ram
245 ## - TITLE STATEMENT
Title Project report on preparation of this film electrodes for electrochemical experiments
260 ## - PUBLICATION, DISTRIBUTION, ETC. (IMPRINT)
Place of publication, distribution, etc Kathmandu, Nepal
260 ## - PUBLICATION, DISTRIBUTION, ETC. (IMPRINT)
Date of publication, distribution, etc 2051 B.S.
300 ## - PHYSICAL DESCRIPTION
Extent 21p.
Other physical details illus
518 ## - DATE/TIME AND PLACE OF AN EVENT NOTE
Date/time and place of an event note 980427
530 ## - ADDITIONAL PHYSICAL FORM AVAILABLE NOTE
Additional physical form available note M
650 ## - SUBJECT ADDED ENTRY--TOPICAL TERM
Topical term or geographic name as entry element Films
650 ## - SUBJECT ADDED ENTRY--TOPICAL TERM
Topical term or geographic name as entry element Electrodes
650 ## - SUBJECT ADDED ENTRY--TOPICAL TERM
Topical term or geographic name as entry element Electrochemistry
650 ## - SUBJECT ADDED ENTRY--TOPICAL TERM
Topical term or geographic name as entry element Empirical knowledge
650 ## - SUBJECT ADDED ENTRY--TOPICAL TERM
Topical term or geographic name as entry element Empirical methods
650 ## - SUBJECT ADDED ENTRY--TOPICAL TERM
Topical term or geographic name as entry element Chemicals
651 ## - SUBJECT ADDED ENTRY--GEOGRAPHIC NAME
Geographic name Nepal
942 ## - ADDED ENTRY ELEMENTS (KOHA)
Koha item type General Collections

No items available.